PHARMACOGNOSY OF POWDERED CRUDE DRUGE (Record no. 7932)

MARC details
000 -LEADER
fixed length control field 00450nam a22001817a 4500
005 - DATE AND TIME OF LATEST TRANSACTION
control field 20230117103417.0
008 - FIXED-LENGTH DATA ELEMENTS--GENERAL INFORMATION
fixed length control field 220215b ||||| |||| 00| 0 eng d
020 ## - INTERNATIONAL STANDARD BOOK NUMBER
ISBN 9788178002897
041 ## - LANGUAGE CODE
Language code of text/sound track or separate title eng
082 ## - DEWEY DECIMAL CLASSIFICATION NUMBER
Classification number 615.1
100 ## - MAIN ENTRY--AUTHOR NAME
Personal name IYENGER,M.A
245 ## - TITLE STATEMENT
Title PHARMACOGNOSY OF POWDERED CRUDE DRUGE
250 ## - EDITION STATEMENT
Edition statement 10'TH
260 ## - PUBLICATION, DISTRIBUTION, ETC. (IMPRINT)
Place of publication HYDERABAD
Name of publisher PHARMAMED PRESS
Year of publication 2011
300 ## - PHYSICAL DESCRIPTION
Number of Pages 62; P.
650 ## - SUBJECT ADDED ENTRY--TOPICAL TERM
Topical Term PHARMACY
General subdivision B.PHARMA
942 ## - ADDED ENTRY ELEMENTS (KOHA)
Koha item type Books
Holdings
Lost status Damaged status Collection code Home library Current library Shelving location Date acquired Source of acquisition Cost, normal purchase price Full call number Accession Number Koha item type
    Reference JRU Library JRU Library SHELF-3-B 15/02/2022 PURCHASE 75.00 615.1 26430 Books
    PHARMACY JRU Library JRU Library SHELF-19-C 15/02/2022 PURCHASE 75.00 615.1 26431 Books
    PHARMACY JRU Library JRU Library SHELF-19-C 15/02/2022 PURCHASE 75.00 615.1 26432 Books
    PHARMACY JRU Library JRU Library SHELF-17-D 15/02/2022 PURCHASE 75.00 615.1 26433 Books
    PHARMACY JRU Library JRU Library SHELF-17-D 15/02/2022 PURCHASE 75.00 615.1 26434 Books
    PHARMACY JRU Library JRU Library SHELF-19-C 15/02/2022 PURCHASE 75.00 615.1 26435 Books